LIBRARY & INFORMATION CENTRE, KCAET, TAVANUR

ONLINE PUBLIC ACCESS CATALOGUE (OPAC)

Steam tables with mlier diagram in S I units / (Record no. 5834)

MARC details
000 -LEADER
fixed length control field 00425cam a2200169ua 4500
020 ## - INTERNATIONAL STANDARD BOOK NUMBER
ISBN 81-219-0654-7
041 ## - LANGUAGE CODE
Language code of text/sound track or separate title eng
082 ## - DEWEY DECIMAL CLASSIFICATION NUMBER
Classification number 628.112
Item number KHU/ST
100 ## - MAIN ENTRY--AUTHOR NAME
Personal name Khurmi, R S.
245 ## - TITLE STATEMENT
Title Steam tables with mlier diagram in S I units /
250 ## - EDITION STATEMENT
Edition statement 7 /
260 ## - PUBLICATION, DISTRIBUTION, ETC. (IMPRINT)
Place of publication New Delhi :
Name of publisher S.Chand and Co ,
Year of publication 1998.
300 ## - PHYSICAL DESCRIPTION
Number of Pages ; .
942 ## - ADDED ENTRY ELEMENTS (KOHA)
Koha item type Books
Holdings
Withdrawn status Lost status Damaged status Home library Current library Date acquired Full call number Accession Number Koha item type
      KAUAET KAUAET 07/04/2012 628.112 20125 Books
free website counter